Digitálna, informačná gramotnosť a kritické myslenie v prípadových štúdiách

Požiadavky a štandardy na človeka v kontexte informačnej, digitálnej a mediálnej gramotnosti či kritického myslenia. Zadefinovanie schopností človeka pri riešení úloh v rámci prípadových štúdií a prepojenia medzi jednotlivými gramotnosťami. Riešenie prípadových štúdií ako rozvoj kľúčových kompetenci...

Descripción completa

Guardado en:
Detalles Bibliográficos
Autor principal: Pasiar, Ladislav, 1984-
Formato: Capítulo de libro
Lenguaje:eslovaco
Materias:
Etiquetas: Agregar Etiqueta
Sin Etiquetas, Sea el primero en etiquetar este registro!

MARC

LEADER 00000naa$a2200000$$$4500
001 0271007
005 20240502083818.4
041 0 |a slo 
044 |a CZ 
245 1 0 |a Digitálna, informačná gramotnosť a kritické myslenie v prípadových štúdiách  |c Ladislav Pasiar 
520 |a Požiadavky a štandardy na človeka v kontexte informačnej, digitálnej a mediálnej gramotnosti či kritického myslenia. Zadefinovanie schopností človeka pri riešení úloh v rámci prípadových štúdií a prepojenia medzi jednotlivými gramotnosťami. Riešenie prípadových štúdií ako rozvoj kľúčových kompetencií kritického myslenia a informačnej, mediálnej či digitálnej gramotnosti u žiakov a učiteľov. Argumenty pre tieto prepojenia a námety na ďalší výskum. 
610 2 0 |a pedagogika 
610 2 0 |a vzdelávanie 
610 2 0 |a gramotnosť digitálna 
610 2 0 |a gramotnosť informačná 
610 2 0 |a myslenie kritické 
610 2 0 |a žiaci 
610 2 0 |a učitelia 
610 2 0 |a štúdie prípadové 
100 1 |a Pasiar, Ladislav, 1984-